| 000 | 01862nam1a22004571 4500 | ||
|---|---|---|---|
| 001 | v19\rc\1883658 | ||
| 005 | 20251118180505.4 | ||
| 035 | _a(NLR Aleph) 004988959 | ||
| 090 |
_a6265159 _c6265159 |
||
| 100 | _a20251123 rusy50 | ||
| 101 | 1 |
_arus _cger |
|
| 102 | _aRU | ||
| 105 | _a z ||||| | ||
| 200 | 1 |
_aРуководство по физиологии человека для врачей и студентов _e[В 2-х т.] _fСост. проф.: дю Буа-Реймонд, Вейс, Иогансон, Конгейм, Крейдль... [и др.] _gПод общ. ред. проф. Н. Цунтц и проф. А. Леви _gАвториз. пер. с нем. проф. В. Завьялова |
|
| 210 |
_aПетербург _aКиев _cСотрудник _d1910-1911 _eКиев |
||
| 215 |
_a2 т. _d26 |
||
| 300 | _aПарал. тит. л. на нем. яз. | ||
| 702 | 1 |
_6z01790 _aДю-Буа-Реймонд _bР. _f1863- _gРене _4220 |
|
| 702 | 1 |
_aВейс _4220 |
|
| 702 | 1 |
_aИогансон _4220 |
|
| 702 | 1 |
_aКонгейм _bЮ.Ф. _f1839-1884 _gЮлиус Фридрих _4220 |
|
| 702 | 1 |
_aКрейдль _4220 |
|
| 702 | 1 |
_aЦунтц _bН. _4340 |
|
| 702 | 1 |
_aЛеви _bА. _f1862- _gАдольф _4340 |
|
| 702 | 1 |
_aЗавьялов _bВ.В. _f1873-1930 _gВасилий Васильевич _4730 |
|
| 790 | 1 |
_6z01702 _aБуа-Реймонд _bР. _f1863- _gРене |
|
| 790 | 1 |
_6z01702 _aРеймонд _bР. _f1863- _gРене |
|
| 801 | 0 |
_aRU _bNLR _gpsbo |
|
| 801 | 0 |
_aRU _bRuMoRGB _2psbo |
|
| 801 | 1 |
_aRU _bProSoft-M _2rusmarc |
|
| 852 |
_aNLR _j38.79.5.69 |
||
| 852 |
_aNLR _j132/5884 |
||
| 899 |
_aRuMoRGB _jT 68/342 |
||
| 899 |
_aRuMoRGB _jU 86/37 |
||
| 899 |
_aRuMoRGB _jT 70/74 |
||
| 899 |
_aRuMoRGB _jT 26/637 |
||
| 899 | _aБАН | ||
| 899 | _aНБ СПбГУ | ||
| 899 | _aНБ МГУ | ||
| 942 | _cBOOK | ||
| 980 | _aNB | ||